000 00422nam a2200169Ia 4500
005 20250425162651.0
008 250425s9999 xx 000 0 und d
020 _a012350449X
041 _aeng
245 0 _aFISH PHYSIOLOGY: REPRODUCTION ENDOCRINE TISSUES AND HORMONES
250 _aS.E
260 _aEstados Unidos
_bACADEMIC PRESS
_c1983
260 _aNEW YORK
300 _a483
942 _c01
010 _a95277
999 _c233952
_d233952